Statistics for Members of (G) I-dle by Picture

Click here to take the quiz!

General Stats

  • This quiz has been taken 112 times
  • The average score is 6 of 6

Answer Stats

Answer% Correct
Yuqi
100%
Shuhua
99%
Minnie
98%
Soojin
98%
Soyeon
96%
Miyeon
94%

Score Distribution

Percentile by Number Answered

Percent of People with Each Score

Your Score History

You have not taken this quiz